| 000 | 00513pam a2200217 4500 | ||
|---|---|---|---|
| 001 | 4560572 | ||
| 005 | 20180314101057.0 | ||
| 008 | 731127s1974 nyua b 001 0 eng | ||
| 010 | _a 73020202 | ||
| 020 | _a0823014622 | ||
| 040 |
_aDLC _cDLC _dDLC |
||
| 041 | _aeng | ||
| 080 | _a741.26 WEL | ||
| 082 | 0 | 0 | _a741.26 WEL |
| 100 | 1 | _a44 | |
| 101 | _aART | ||
| 245 | 1 | 0 | _aDrawing with markers. |
| 504 | _aBibliography: p. 158. | ||
| 906 |
_a7 _bcbc _corignew _d1 _eocip _f19 _gy-gencatlg |
||
| 942 |
_2ddc _cBK |
||
| 999 |
_c45054 _d45054 |
||